00425 a2200157 4500003000400000005001700004008004100021020001800062040000900080082001800089100002300107245006600130250001700196260003400213300002000247OSt20250708120342.0250531b |||||||| |||| 00| 0 eng d a9789355322203 coclc a658.15bCHA/F a Chandra, Prasanna aFinancial management :bTheory & practice /cPrasanna Chandra a11th edition aChennai:bMcGraw Hill,c2023. avarious pagings